000 00631naa a2200217 i 4500
001 78924
003 ES-MaBCM
005 20241016120622.0
008 011113s2001 fra 000 0 fre d
021 _axx
035 _a(OCoLC)1365239206
040 _cES-MaBCM
041 0 _afre
043 _afra
100 1 _aRemy, Patrick
_939011
245 1 0 _aGroupe, entreprise, établissement, où en est la législation allemande?
_cPatrick Remy
650 2 7 _aEmpresa
_958525
651 2 4 _aAlemania
_9115381
773 0 _aEn:
_tProblèmes économiques
_dParis : 2001
_w104496
_gnº 2.729, sept., p. 11-17. - Loc. S.428
942 _cAREV
999 _c78924
_d78924